Warning to Cow-Protectors (Record no. 523)

MARC details
000 -LEADER
fixed length control field 00367nam a2200157 a 4500
082 00 - DEWEY DECIMAL CLASSIFICATION NUMBER
Classification number 297.294
Author Cutter SADE
100 ## - MAIN ENTRY--AUTHOR NAME
Author name Sadek, Mohammad
245 ## - TITLE STATEMENT
Title Warning to Cow-Protectors
260 ## - PUBLICATION, DISTRIBUTION, ETC. (IMPRINT)
Place of publication Surat
Name of publisher Deshi Mitra
Year of publication 1911
300 ## - PHYSICAL DESCRIPTION
Number of Pages 71p
500 ## - GENERAL NOTE
General note includes index and biblioraphy
505 2# - FORMATTED CONTENTS NOTE
Formatted contents note index
650 ## - SUBJECT ADDED ENTRY--TOPICAL TERM
Topical Term Cow-Protectors
942 ## - ADDED ENTRY ELEMENTS (KOHA)
Koha item type Books
700 1# -
-- Sadek, Mohammad
Holdings
Home library Current library Date acquired Cost, normal purchase price Full call number Accession Number Koha item type
Henry Martyn Institute Library Henry Martyn Institute Library 07/31/2007 100.00 297.294 SADE 00292 E-Books
                   Copyright © 2026 | Henry Martyn Institute | Hyderabad | TS-500052 | INDIA | Implemented by hmi.edu.in
Hit-Count:

Powered by Koha